[Event "Donner Memorial"]
[Site "Amsterdam"]
[Date "1995.??.??"]
[Round "11"]
[White "Polgar, Judit"]
[Black "Shirov, Alexei"]
[Result "1-0"]
[WhiteElo "2635"]
[BlackElo "2695"]
[Annotator "Stohl,I"]
[PlyCount "41"]
[EventDate "1995.08.??"]
[EventType "tourn"]
[EventRounds "11"]
[EventCountry "NED"]
[EventCategory "16"]
[SourceTitle "CBM 049"]
[Source "ChessBase"]
[SourceDate "1995.12.01"]
[SourceVersion "1"]
[SourceVersionDate "1995.12.01"]
[SourceQuality "1"]

1. e4 g6 2. d4 Bg7 3. Nc3 c6 4. Bc4 d6 5. Qf3 e6 6. Nge2 b5 (6... Nd7 7. O-O
Ngf6 8. Bb3 O-O 9. Bg5 (9. Qg3 e5 10. Qh4 exd4 11. Nxd4 Nc5 12. Re1 Ng4 13. Bg5
Qb6 14. Nf3 Nxb3 15. axb3 f6 16. Bc1 Ne5 17. Qg3 f5 18. Bf4 fxe4 19. Nxe5 dxe5
20. Be3 Qc7 21. Nxe4 b6 22. Qh4 Bf5 23. Bg5 Bxe4 24. Rxe4 Rf7 25. Rae1 $14 {
Yagupov,I-Komliakov,V/Orel/1994/}) 9... h6 10. Bh4 e5 11. Rad1 Qe7 12. Qe3 Re8
13. f4 exd4 14. Qxd4 Nxe4 15. Bxe7 Bxd4+ 16. Rxd4 Nxc3 17. Nxc3 Rxe7 18. Rxd6
Kg7 (18... Nf8 19. Rd8 b6 20. a4 Bb7 21. Rd6 Ba6 22. Rfd1 Rc8 23. a5 bxa5 24.
Ra1 $16 {[%csl Ra5,Ra7,Rc6] ׫,Nunn,J-Fauland,A/Vienna/1991/}) 19. f5 gxf5 20.
Rxf5 Nf8 21. Rf3 Be6 22. Rg3+ Kh8 23. Ne4 $1 $16 {Nunn,J-Ehlvest,J/Skelleftea
WCup/1989/}) 7. Bb3 (7. Bd3 e5 (7... Nd7 8. O-O Ne7 9. Qg3 e5 10. d5 cxd5 11.
Nxd5 Nxd5 12. exd5 a6 13. a4 bxa4 14. Nc3 $1 f5 $2 15. Bxf5 gxf5 16. Qxg7 Qf6
17. Qxf6 Nxf6 18. Rxa4 f4 19. f3 Bf5 20. Rf2 Kd7 21. Bxf4 $1 $18 {Vasiukov,
E-Zilberman,N/Belgorod/1990/}) 8. Be3 Nf6 9. dxe5 dxe5 10. Rd1 Nbd7 11. Nc1 O-O
12. Nb3 Qc7 13. h3 a6 14. Nc5 Nxc5 15. Bxc5 Rd8 16. O-O Nd7 17. Be3 Nf8 18. Ne2
Ne6 19. c3 Bb7 20. Bc2 c5 21. Qg3 Rxd1 22. Rxd1 Rd8 23. Rxd8+ Qxd8 24. f3 Bf6
25. Qe1 Bg5 26. Qc1 h6 27. Kf2 c4 28. Ke1 Kg7 {0,5/Liss,E-Kanstler,B/Rishon le
Zion/1994/}) 7... a5 $6 {Black ignores development, which enables White to
open the position to his advantage.} 8. a3 (8. a4 b4 9. Nd1 Ba6 10. Be3 d5 11.
exd5 cxd5 12. c4 Ne7 13. cxd5 Nxd5 14. Rc1 O-O 15. Bxd5 exd5 16. b3 Re8 17. O-O
Nd7 18. Re1 Nf6 19. Nb2 Ne4 20. Nf4 Ra7 21. Nfd3 Rae7 $36 {[%csl Ga6,Gg7,Rc3,
Rd4][%cal Ge7e1] <->e,><d4,c3,^^, Geenen,M-Zilberman,N/Manila olm/1992/}) 8...
Ba6 9. d5 $1 $146 {White now launches a strong attack against the Black King
without even bothering to castle herself.} (9. O-O Ne7 10. Bf4 O-O 11. Rfe1 Qc7
12. Rad1 Nd7 13. Qg3 Nc8 14. Qh4 b4 15. Na4 e5 16. dxe5 Nxe5 17. Bh6 Bb5 18.
Nf4 Qd8 19. Qxd8 Rxd8 20. Bxg7 Kxg7 21. axb4 Bxa4 22. Bxa4 axb4 23. Bb3 Nb6 24.
Ra1 Kf6 25. Nd3 Nxd3 26. cxd3 $10 {Sideifzade-Ivanov,A /Tashkent 1L/1980/})
9... cxd5 (9... exd5 $142 $5 10. exd5 c5 $8 11. a4 (11. Bf4 $5 $36) 11... b4
12. Nb5 Bxb5 13. axb5 Nf6 14. c4 $14) 10. exd5 e5 {Although Black has a nice
pawn structure in the center, (d6,e5-d5) he is far behind in development and
White uses the d5-wedge to great effect. Also Black can't consider f5, till it
would allow White's N to e6.} 11. Ne4 Qc7 (11... h6 12. Qg3 {[%csl Re8][%cal
Yf2f4] עe8,/\f4->}) (11... f5 $2 12. Ng5 {[%csl Re6] ><e6}) 12. c4 $1 bxc4 (
12... Ne7 13. c5 $40) (12... Nd7 13. N2c3 bxc4 14. Ba4 {-12...bxc4}) 13. Ba4+
Nd7 14. N2c3 $44 Ke7 $2 {[%cal Yg8f6] /\Ngf6} (14... f5 15. Ng5 $40) (14... Ne7
15. Nf6+ Bxf6 16. Qxf6 $16) (14... h6 $5 15. Nb5 Bxb5 16. Bxb5 f5 17. Nd2 Ngf6
18. Bc6 $36 {[%csl Ra5,Rd6] ><a5,d6}) 15. Nxd6 $1 Qxd6 (15... Kxd6 $2 16. Ne4+
Kxd5 (16... Ke7 17. d6+) 17. Qxf7+ Kxe4 18. Bc2+ Kd4 19. Be3#) (15... f5 16.
Ndb5 $18) 16. Ne4 Qxd5 (16... Qb6 17. d6+ (17. Bxd7 $6 f5 $13) 17... Kf8 18.
Bxd7 $16) 17. Bg5+ Ndf6 $8 (17... f6 18. Rd1 Qxd1+ 19. Qxd1 $18) 18. Rd1 Qb7 (
18... Qe6 19. Rd7+ Qxd7 (19... Kf8 20. Nxf6 $18) 20. Bxd7 {-18...Qb7}) 19. Rd7+
Qxd7 20. Bxd7 h6 $2 (20... Bb7 $8 21. Ba4 Kf8 (21... h6 22. Qg3 $1 hxg5 (22...
Bxe4 23. Qxe5+ Kf8 24. Qd6+ Ne7 25. Bxf6 $18) 23. Qxe5+ Kd8 (23... Kf8 24. Qd6+
Ne7 25. Nxf6 $18) 24. Qd6+ Kc8 25. Nc5 $18 {->}) 22. Bc2 $16 {[%csl Rf8] @,עf8
}) 21. Qd1 $1 (21. Qd1 hxg5 22. Qd6+ Kd8 23. Bb5+ Kc8 24. Qc6+ Kb8 25. Qb6+ Bb7
(25... Kc8 26. Nd6#) 26. Nd6 Ra7 27. Qd8+ Bc8 28. Qxc8#) 1-0

[Event "ISR-ch"]
[Site "Jerusalem"]
[Date "1996.??.??"]
[Round "3"]
[White "Finkel, Alexander"]
[Black "Kantsler, Boris"]
[Result "1-0"]
[WhiteElo "2505"]
[BlackElo "2455"]
[Annotator "Stohl,I"]
[PlyCount "97"]
[EventDate "1996.10.26"]
[EventType "swiss"]
[EventRounds "9"]
[EventCountry "ISR"]
[SourceTitle "CBM 056"]
[Source "ChessBase"]
[SourceDate "1997.02.01"]
[SourceVersion "1"]
[SourceVersionDate "1997.02.01"]
[SourceQuality "1"]

1. e4 g6 2. d4 Bg7 3. f4 d5 4. e5 Nh6 (4... h5 $142 $5 {[%cal Yc8g4,Yg8h6] /
\Nh6,Bg4} 5. Nf3 Bg4 (5... Nh6 6. Bd3 Bf5 7. Nh4 Bg4 8. Qd2 e6 9. Qf2 Bf8 10.
h3 Bf5 11. Nxf5 Nxf5 12. Bxf5 gxf5 13. Be3 Nd7 14. Nd2 Rc8 15. Nb3 b6 16. Rc1
c5 17. c3 a5 18. a4 Qc7 19. Qh4 Be7 20. Qg3 Kf8 21. Qf3 c4 22. Nd2 h4 23. Bf2
Qc6 24. Ra1 Rb8 25. g4 hxg3 26. Bxg3 b5 $36 {Van den Brekel,H-Vetemaa,J/
Vlissingen op/1996/}) 6. Be2 (6. Bd3 c5 7. dxc5 Qa5+ 8. c3 Qxc5 9. h3 Bxf3 10.
Qxf3 e6 11. Be3 Qc7 12. Nd2 Ne7 13. Qf2 Nd7 14. Nf3 Nf5 15. Bd4 Nxd4 16. cxd4
Qa5+ 17. Qd2 Qxd2+ 18. Kxd2 Ke7 19. Ke3 Rac8 20. Rac1 Nb6 21. a4 Rxc1 22. Rxc1
Rc8 23. Rxc8 Nxc8 24. g3 Bh6 25. Kf2 Kd8 26. Nh4 Ne7 27. Nf3 Nc6 28. Ke3 Kc7
$10 {Rybak,M-Hosticka,F/CZE-chT2 9596/1996/}) 6... e6 7. O-O Ne7 8. c3 O-O 9.
h3 Bxf3 10. Bxf3 Nd7 11. b4 a5 12. a4 Nb6 13. b5 Qd7 14. Ba3 Rfc8 15. Bc5 Nc4
16. Qd3 b6 17. Bxe7 Qxe7 18. Nd2 Nxd2 19. Qxd2 Rab8 20. f5 exf5 21. Bxd5 Rd8
22. Qa2 Rf8 23. Rfe1 Kh7 24. Rad1 $14 {Kohler,G-Haralambof,V/Bern op/1996/}) 5.
Nf3 f6 $6 {More logical and in line with the chosen build-up was} (5... Bg4 6.
h3 (6. Be2 Nf5 7. h3 Bxf3 8. Bxf3 e6 $132) (6. Be3 Nf5 7. Bf2 h5 8. Be2 $14 {()
}) 6... Bxf3 7. Qxf3 Nf5 8. c3 e6 9. g4 Qh4+ 10. Kd1 Ng3 11. Qf2 h5 12. Rg1 Nf5
13. Qg2 hxg4 14. hxg4 Ne7 15. Nd2 Nd7 16. Nf3 Qh7 17. Bd3 O-O-O 18. Be3 f6 19.
Ke2 Qg8 20. Rh1 Qf7 21. exf6 Bxf6 22. Ne5 $36 {(),Ruban,V-Moskalenko,V/
Balassagyarmat/1990/}) 6. Be3 (6. Be2 O-O 7. O-O c6 8. c3 Qb6 9. b3 (9. Na3 Bg4
10. Kh1 Nf5 11. Nc2 Nd7 12. Rb1 a5 13. Ne3 Nxe3 14. Bxe3 Bf5 15. Bd3 fxe5 16.
fxe5 Bxe5 17. Nxe5 Nxe5 18. Bxf5 Rxf5 19. Rxf5 gxf5 20. Qh5 e6 21. Qg5+ Ng6 22.
Qf6 Re8 23. Bh6 Qc7 24. Re1 Qe7 $19 {Gaftarnik,O-Safranska,A/Cappelle la
Grande op/1995/}) 9... Bg4 10. Kh1 Nf5 11. Na3 Nd7 12. Nc2 a5 13. Ne3 Nxe3 14.
Bxe3 a4 15. bxa4 fxe5 16. Nxe5 Nxe5 17. Bxg4 Nc4 18. Qe2 Rxa4 19. Bf2 Qc7 20.
Bg3 Nd6 21. Be6+ Kh8 22. f5 $1 $36 {Yacob,F-Safranska,A/Cappelle la Grande op/
1995/}) (6. c4 Bg4 $5 (6... c6 7. Nc3 O-O 8. Be2 Kh8 9. O-O dxc4 10. Bxc4 Nd7
11. Bb3 Nb6 12. h3 $1 Nd5 13. Nxd5 cxd5 14. g4 fxe5 15. dxe5 e6 16. Be3 Bd7 17.
Qd3 Nf7 18. Rf2 a5 19. g5 Qe8 20. h4 Bb5 21. Qd1 h5 22. Nd4 Bd7 23. Rc1 Nd8 24.
a4 Rb8 25. Rc7 Nc6 26. Nb5 d4 27. Bxd4 Nxd4 28. Qxd4 Bxb5 29. axb5 Rd8 30. Qe4
Rf5 31. Rxb7 Rc8 32. Kg2 {1-0,Hodgson,J-Dunnington,A/London op/1989/ A game,
very similar to ours, which demonstrates White's strategy if Black doesn't
close the center.}) 7. Nc3 e6 8. h3 Bxf3 9. Qxf3 Nc6 10. Be3 fxe5 11. cxd5 Nxd4
12. Bxd4 exd4 13. Bb5+ c6 14. dxc6 O-O $1 {[%cal Rd8a5] /\Qa5,0-1,Moen,O-Bern,
I/Gjovik ch-NO/1991/}) 6... O-O 7. c4 $1 {[%csl Gc4,Gd4,Ge5,Gf4] [+]} (7. Nbd2
b6 8. Bd3 Na6 9. c3 c5 10. Bxa6 Bxa6 11. dxc5 Ng4 12. Bg1 fxe5 13. h3 Nh6 14.
fxe5 Nf5 15. Bf2 Bh6 16. Qa4 Bd3 17. O-O-O b5 18. Qa6 Qc8 19. Qxc8 Raxc8 20.
Rhe1 e6 21. b4 Ne7 22. Be3 Bg7 23. Nb3 Be4 24. Nbd4 Bxf3 25. Nxf3 Nc6 26. Bd4
a5 27. a3 Rc7 28. Kc2 h6 29. a4 Rb8 $14 {Siepenkoetter,A-Simonsen,M/Copenhagen
Politiken op/1991/}) 7... c6 (7... dxc4 8. Bxc4+ Kh8 9. Nc3 $16) (7... Bg4 8.
cxd5 $1 (8. Nc3 fxe5 $13) 8... Qxd5 9. Nc3 {[%cal Yf1c4,Ye1g1] /\Bc4,0-0+/-})
8. h3 dxc4 9. Bxc4+ Kh8 10. O-O Nd7 11. Nc3 Nb6 12. Bb3 $16 {[%csl Rg7] White
has an impressive space advantage, which he later proceeds to utilize in a
model way. Black's pieces especially Bg7, have very limited scope.} Nd5 (12...
Nf5 13. Bf2 Nd5 14. Bxd5 $1 cxd5 15. Qb3 e6 16. g4 Ne7 17. Bh4 $40) 13. Nxd5
cxd5 14. g4 $1 f5 (14... fxe5 15. dxe5 e6 16. Qd2 Ng8 (16... Nf7 17. g5 $1 {
[%cal Yf3h2,Yh2g4,Yg4f6,Yh3h5] /\Nh2-g4-f6,h4-h5->}) 17. Kg2 $16) 15. g5 Nf7
16. Rf2 Be6 $6 {[%csl Re6,Rg7] Here the B is like a large pawn, but especially
Bg7 has no moves at all. A better chance was} (16... e6 $16 {and Black can
sometimes try to evacuate the K via f7.}) 17. Rg2 {A useless move, but White
can afford to lose tempi, his advantage is permanent.} (17. h4 $142) 17... Qd7
18. h4 Rfc8 19. h5 Kg8 (19... gxh5 20. Nh4 $40) 20. hxg6 hxg6 21. Rh2 a5 22.
Qf1 a4 23. Bd1 a3 $6 {[%csl Ra3] This pawn will be a serious weakness in a
future endgame.} (23... Nd8 $142 24. Nh4 Bf7 $16 (24... Kf7 $2 25. Nxg6 Kxg6
26. Bh5+ Kh7 27. Be8+ $18)) 24. b3 Qc6 25. Be2 Qb6 26. Bd3 Rc6 27. Kf2 Rac8 28.
Kg3 Kf8 (28... Rc3 29. Bd2 R3c6 30. Qe2 $16) 29. Qe2 Nd8 30. Rhh1 Bf7 31. Rhc1
$1 Rxc1 (31... Ke8 $2 32. Bb5 $18) (31... Ne6 $142 $5 32. Rxc6 Rxc6 33. Qd2 $16
) 32. Rxc1 Nc6 (32... Rxc1 33. Bxc1 Qa7 34. Qc2 Nc6 35. Qc3 $18 {[%csl Ra3]
[%cal Rb3b5] /\b4-b5,><a3}) 33. Bb5 Be8 34. Bxc6 $5 bxc6 (34... Bxc6 35. Rc5 {
[%cal Ye2c2,Yc2c3,Yb3b4] /\Qc2-c3,b4}) (34... Rxc6 35. Rxc6 (35. Rc5 $5 $18)
35... Qxc6 36. Qd2 Qb6 (36... Bd7 37. Qb4 $18) 37. Qc3 e6 38. Bc1 $18) 35. Ne1
$18 e6 36. Nd3 Kf7 37. Nc5 Ra8 (37... Bf8 38. Qh2 $40) 38. Rh1 $1 {[%cal Gh1h8]
Now with all his pieces ideally placed White returns to the h-file with great
power.} Ra7 39. Rh7 Kg8 40. Qh2 Re7 (40... Bf7 41. Rxg7+ $1 Kxg7 42. Qh6+ Kg8
43. Nxe6 Bxe6 44. Qxg6+ Kf8 45. Qxe6 $18) 41. Bd2 Qb5 42. Qh1 $1 {[%cal Yg3e3,
Yc5d3,Yd2b4] Starts the decisive regrouping. White moves his K to e3,Nd3, Bb4
and then changes the order of the major pieces on the h-file with mate. Black
is so cramped he is helpless.} Bf7 (42... Qe2 43. Rh2 Qg4+ 44. Kf2 {[%cal
Rh2h4] /\Rh4+-}) 43. Rh2 Ra7 44. Kf2 Re7 45. Ke3 Ra7 46. Nd3 Ra8 47. Bb4 Qb7
48. Qe1 $1 Qa7 49. Qh4 (49. Qh4 Be8 $8 50. Qh7+ Kf7 51. Rh6 Bd7 52. Rxg6 Rg8
53. Rf6+ $18) 1-0

[Event "Pamplona 9293 3rd"]
[Site "Pamplona"]
[Date "1992.??.??"]
[Round "3"]
[White "Yudasin, Leonid"]
[Black "Damljanovic, Branko"]
[Result "1/2-1/2"]
[WhiteElo "2635"]
[BlackElo "2595"]
[Annotator "Stohl,I"]
[PlyCount "62"]
[EventDate "1992.12.??"]
[EventType "tourn"]
[EventRounds "9"]
[EventCountry "ESP"]
[EventCategory "13"]
[SourceTitle "CBM 033"]
[Source "ChessBase"]
[SourceDate "1993.04.01"]
[SourceVersion "1"]
[SourceVersionDate "1993.04.01"]
[SourceQuality "1"]

1. e4 g6 2. d4 Bg7 3. Nc3 d6 4. Be3 c6 5. Qd2 Qa5 $5 {N} (5... b5 6. f3 (6. h4
$5 h5 7. Nh3 $14) 6... Nd7 7. a4 (7. O-O-O a6 8. Kb1 Qc7 9. h4 h5 10. Nh3 Ngf6
11. Ng5 Bb7 12. f4 $6 Nb6 13. e5 Ng4 14. Nce4 Bc8 15. Bd3 f6 16. Nf3 Bf5 $15 {
Tolnai,T-Kindermann,S,Berlin op 1987-TD 87_04}) 7... b4 8. Nd1 Rb8 9. Bd3 Ngf6
10. Ne2 O-O 11. O-O Qc7 12. c3 bxc3 13. bxc3 Qa5 14. Bf2 Ba6 15. Ne3 c5 16.
Rfd1 Rfc8 17. Bxa6 Qxa6 $10 {Anand,V-Mohr,S,Palma GMA-op 1989-TD 89_13}) (5...
Nd7 6. f4 b5 (6... e5 $6 7. O-O-O Qc7 8. g4 $1 Ngf6 9. Be2 b5 10. g5 b4 11. Nb5
$1 cxb5 12. gxf6 Bxf6 13. Bxb5 $16 {->,Har Zvi,R-Hirth,U,Biel op 1992-EXP 31})
7. Nf3 Ngf6 8. e5 b4 9. exf6 bxc3 10. Qxc3 Nxf6 11. Qxc6+ Bd7 12. Qa6 O-O 13.
Bd3 Qb8 14. Rb1 Ng4 15. Bd2 e5 16. O-O exd4 17. Rfe1 Ne3 $13 {Van Der Wiel,
J-Gurevich,M,Amsterdam Euwe-mem 1991-CBM 23}) 6. f4 (6. O-O-O $5 b5 7. Kb1 $13)
6... Nf6 7. Nf3 (7. e5 $6 Ng4 $15) 7... Bg4 (7... b5 8. Bd3 Nbd7 9. O-O $14) 8.
Bd3 (8. Be2 b5 $36 {/\b4}) 8... Bxf3 9. gxf3 Nbd7 10. O-O-O O-O-O $132 11. Rhg1
{/\Rg5,f5} Bh6 $1 12. Kb1 Kb8 13. Qf2 Nh5 14. f5 (14. Ne2 e5 15. fxe5 Bxe3 16.
Qxe3 dxe5 17. c3 Qc7 $10) 14... Bxe3 15. Qxe3 e6 $1 16. f4 (16. fxe6 fxe6 17.
f4 Rdf8 $10) 16... e5 (16... exf5 $5 17. exf5 Ng7 $1 18. fxg6 hxg6 19. Rg5 Qc7
20. f5 $10) 17. Ne2 Rhe8 18. Qf3 exd4 19. Nxd4 Qb6 (19... Nc5 20. Rg5 Qb6 $132)
20. c3 Nhf6 21. fxg6 (21. Rge1 Re7 $10) 21... hxg6 22. Rge1 Re7 23. Re2 Rde8
24. Bc2 a5 $5 (24... Nc5 25. Rde1 $10) 25. a3 Nc5 26. e5 $5 Nd5 (26... dxe5
$142 27. Rxe5 $10) 27. c4 (27. exd6 $2 Rxe2 28. Nxe2 Rxe2 29. Rxd5 (29. Qxe2
Nxc3+ $19) 29... Rxc2 $19) 27... dxe5 28. cxd5 $6 (28. fxe5 Nc7 $15 {><e5}) (
28. Rxe5 $5 Nf6 29. Rxe7 Rxe7 30. f5 $36) 28... exd4 29. Rxe7 Rxe7 30. Rxd4 (
30. dxc6 d3 31. Bxd3 Na4 $40) 30... Nb3 31. Rd1 Nd4 $15 (31... a4 $5 32. dxc6
$13) (31... Nd4 32. Qc3 c5 $15 {[Stohl]}) 1/2-1/2